000 00692nam a22002537a 4500
001 BR8705603
003 BR-BrBNA
005 20230928092727.0
007 ta
008 230509b bl.||||| |||| 00| 0 por d
040 _aBR-BrBNA
_bpor
_cBiblioteca Nacional de Agricultura
041 _a(Por)
072 _aF02
_b2480
090 _ 2480 BR8705603
110 1 _aSuperintendencia da Borracha, Brasilia, DF (Brasil)
_910009
245 1 _aAnais do seminario sobre enxertia de copa da seringueira
260 3 _aBrasilia, DF (Brasil):
_c1982.
300 _a40 p.
650 _aSERINGUEIRA
650 _aENXERTO
650 _aCLONE
909 _a202309
_bLucia
_c55
_dLucia Elande
942 _cBK
999 _c40838
_d40838